00409nam a22001337a 4500040000900000082001500009100003900024245002000063260003800083650002000121942001200141999001900153952010300172 cNUST a297.7bMUH aMuhammad Abdul Alhai Shaib9125864 aGhebat Kyaa Hai aKarachi:bMuktaba Sarfeen,c1978. 2Ghebat Kyaa Hai 2ddccBK c611518d611518 00102ddc4070aCEMEbCEMEcGENd2024-09-12l0o297.7 MUHpCEME-34067r2024-09-12w2024-09-12yBK